傳給美國兒媳的LINE(第二集)
| 資料類型: | 圖書 | 書目號: | 50773 |
Leader xxxxxxxxxx 001 __ PCLIS00050773 005 __ 20170112145749.49 010 0_ |a|b平裝|dNT$300 020 __ |acw|b82005151 100 __ |a20170112d2017 0chib0109 e 101 0_ |achi 102 __ |acw 105 __ |aa z 000yy 200 1_ |a傳給美國兒媳的LINE(第二集)|e|f黃成權出版|g 205 __ |a初版 210 __ |a桃園市|c|d2016 215 0_ |a面|c圖, 表|d公分 225 1_ |a|v 300 __ |a 681 __ |a855|b 700 __ |a黃|b成權|4出版 702 _1 |a|b|4 801 __ |acw|b本館|c20170112 |